Negotiation and Conflict Management Research

Detalles Bibliográficos
Formato: eBook
Lenguaje:inglés
Publicado: Hoboken: Wiley, 2008 -
Materias:
Acceso en línea:Acceso restringido

MARC

LEADER 00000nam a22000007a 4500
005 2021040507067.0
007 cr|||| ||||
008 210405s20089999us n|w s|||| 0|||b1eng d
022 |a 1750-4708 
035 |a 32913 
040 |a vLex 
090 |c 11397  |d 11397 
245 0 0 |a Negotiation and Conflict Management Research  |h [Recurso electrn̤ico] / 
256 |a Servicio en ln̕ea 
260 |a Hoboken:  |b Wiley,  |c 2008 - 
300 |a 1 recurso electrn̤ico 
310 |a Irregular 
362 |a Nð 1-1 (Feb. 2008) - 
506 1 |a Disponible solo en los productos indicados  |d vLex Global  |d vLex Global (Academic Edition, excluding Law Schools)  |d vLex Global (Academic Edition, Law Schools) 
650 0 4 |a Derecho Mercantil y de la Empresa  |z Estados Unidos 
740 0 |a vLex Revistas (Servicio en ln̕ea) 
856 4 0 |u https://vlex.com/source/32913  |z Acceso restringido 
942 |c REV 
999 0 |a Commercial and Company Law